| 000 | 00783nam a2200229 a 4500 | ||
|---|---|---|---|
| 003 | OSt | ||
| 005 | 20130531191910.0 | ||
| 008 | 130531s1986 sz ||||| |||| 00| 0 spa d | ||
| 020 | _a92 4 356105 7 | ||
| 040 | _cBiblioteca Medicina | ||
| 041 | _aspa | ||
| 082 | _aOMS 84 | ||
| 110 | 1 |
_aOrganizacion Mundial de la Salud _91006 |
|
| 245 | 0 | 0 |
_aUso racional de los medicamentos. _bInforme de la Conferencia de Expertos . Nairobi, 25-29 de noviembre de 1985 |
| 250 | _a1° ed. | ||
| 260 |
_aGinebra _bOrganizacion Mundial de la Salud _c1986 |
||
| 300 | _a304 p. | ||
| 653 | _aPREPARACIONES FARMACEUTICAS-ADMINISTRACION | ||
| 653 | _aMEDICAMENTOS-USO RACIONAL | ||
| 942 |
_2ddc _cPH |
||
| 999 |
_c1474 _d1474 |
||
| 952 |
_pH0013 _40 _00 _bBFM _10 _oOMS 84 _d2013-05-31 _tEj. 1 _8NFIC _70 _cCR _2ddc _yPH _aBFM |
||